| 000 | 00581nam a2200205Ia 4500 | ||
|---|---|---|---|
| 003 | GCL | ||
| 008 | 140319s9999 xx 000 0 eng d | ||
| 040 |
_aGCL / _cGCL |
||
| 082 | 0 | 4 |
_a500 _bS U |
| 100 | 1 | _aSTOCKLEY, CORINNE. | |
| 245 | 1 | 0 |
_aTHE USBORNE ILLUSTRATED DICTIONARY OF SCIENCE: PHYSICS AND CHEMISTRY AND BIOLOGY FACTS. / _cSTOCKLEY, CORINNE. |
| 700 | 1 | _aOXLADE, CHRIS. | |
| 700 | 1 | _aWRETHEIM, JANE. | |
| 260 |
_a[S.N] : _bUSBORNE PUBLISHING LTD ، _c1988 |
||
| 300 | _a384 P | ||
| 650 | 0 | 4 | _aPHYSICS |
| 650 | 0 | 4 | _aBIOLOGY |
| 650 | 0 | 4 | _aCHEMISTRY |
| 942 |
_2ddc _cBK |
||
| 999 |
_c13080 _d13080 |
||